Регионална библиотека "Любен Каравелов" - Русе

Магьоснически свят (Запис номер 20993)

MARC детайли
000 -Лидер
Контролно поле с фиксирана дължина 01897nam a2200373 c 4500
003 - Код на организацията, давaща контролен номер
Контролно поле BLK
005 - Дата и час на последна редакция
Контролно поле 20231103005319.0
008 - Елементи от данни с фиксирана дължина
fixed length control field 180413b bul|||||r ||||||| ||bul||
010 ## - Наследен системен номер
LC control number KNG00023253000
020 ## - Международен стандартен номер на книга ISBN
Международен стандартен номер на книга ISBN 954-527-078-0
-- издат.: Дамян Яков
040 ## - Източник на каталожния запис
Идентификатор на билиотеката - собственик на записа BLK
041 ## - Код за език
Код за езика на текст/звукозапис или на отделно заглавие Български
Код за езика КДБФ Български
080 ## - УДК
Текстов определител УДК Американска литература (на САЩ)
УДК код - определител по УДК 821.111(73)
УДК определител -322.9
УДК - код + определител 821.111(73)-322.9
100 1# - Редна дума - Автор
Автор Бредбъри, Рей Дъглас
Авторска отговорност първи автор
R(LIN) 364486
139 ## - Редно поле
Редна дума Магьоснически свят
Авторски знак Маг - М 13
245 10 - Сведения за заглавието
Заглавие Магьоснически свят
Подзаглавни данни Разкази и новели
Редно поле (дума) Рей Дъглас Бредбъри; Лари Нивън; Орсън Скот Кард; Андре Нортън; Роджър Зелазни; прев. от англ. Камен Костов.
257 ## - Страна на издаване
Страна на създаване/издаване Съединени американски щати
260 ## - Област на издателските данни
-- София
Име на издателя, разпространителя и проч. Дамян Яков
Година на издаване 1998
Печатница В. Търново : Абагар
300 ## - Физическа характеристика
Страници 480 с.
Размери/Мащаб 22 см
380 ## - Жанр
Жанр Худож. лит.
490 1# - СЕРИИ (Колекции)
Име на серия Фантастика фентъзи
№: серия 1
500 ## - Общи забележки
Забележка Други авт.: Л. Нивън, О. С. Кард, А. Нортън, У. Ле Гуин, Р. Зелазни ; Други прев.: Св. Комогорова, С. Вълкова. - 3 000 тир.
700 1# - Други автори (авторска отговорност)
Лично име Нивън, Лари
Друга информация Нивън, Лауренс Ван Кот
9 (RLIN) 365600
700 1# - Други автори (авторска отговорност)
Лично име Кард, Орсън Скот
9 (RLIN) 77025
700 1# - Други автори (авторска отговорност)
Лично име Нортън, Андре
Друга информация Нортън, Алиса Мери
9 (RLIN) 265308
700 1# - Други автори (авторска отговорност)
Лично име Костов, Камен
Автороска отговорност (Описва отношението между автора и произведението) прев. от англ.
9 (RLIN) 265309
700 ## - Други автори (авторска отговорност)
Лично име Зелазни, Роджър
Пълна форма на името Зелазни, Роджър Джоузеф Кристофър
Дати, свързани с автора 1937-1995
9 (RLIN) 242836
852 ## - Местоположение
Форматна сигнатура Цб 196376
856 4# - Електронен адрес и достъп
Електронен формат pdf - файл
Път до файла /url/
856 4# - Електронен адрес и достъп
Електронен формат pdf - файл
Път до файла /url/
942 ## - АРТИКУЛИ
Вид на библиотечния материал Книги
Скрит в OPAC Не
Koha issues (borrowed), all copies 1
944 ## - СЪЗДАВАНЕ И РЕДАКЦИЯ на ЗАПИСА
Създаване/Редакция Създаване
Дата на регистрацията/редакция 15.01.2003
Служител, извършил регистрацията/редакцията
Статус, дата на статуса CRON CRON
944 ## - СЪЗДАВАНЕ И РЕДАКЦИЯ на ЗАПИСА
Създаване/Редакция Редакция
Дата на регистрацията/редакция 15.04.2010
Служител, извършил регистрацията/редакцията
999 ## - СИСТЕМНИ КОНТРОЛНИ НОМЕРА
Koha biblionumber 20993
Koha biblioitemnumber 20993
Наличности
Код за отписване Код за изгубен артикул Източник на класификационната схема Код за повреда Коз за рестрикции Код за отдаване Артикулен № Име на библиотеката - собственик Име на библиотеката, в която се намира в момента Статус (Текущо местоположение) Дата на вписване в системата Местоположение - отдел Цена в лева Инвентарен номер Систематично азбучна сигнатура Баркод Номер на екземпляра Цена в евро Служебна бележка Служебен тип на артикула
Изтеглен Не е изгубен Universal Decimal Classification Не е повреден без рестрикции заемане за дома 34744 Регионална библиотека "Любен Каравелов" Русе Регионална библиотека "Любен Каравелов" Русе Заемна - подръчен фонд 2001-01-01 Заемна - подръчен фонд 6.20 639483 П 820(73)-32/М 13 639483 1 3.17 Дост: Pk Вид: Ф N: стар фонд Дата: 01.01.1998 Книги
  Не е изгубен Universal Decimal Classification Не е повреден без рестрикции ползва се в читалня 34745 Регионална библиотека "Любен Каравелов" Русе Регионална библиотека "Любен Каравелов" Русе Хранилище 2001-01-01 Хранилище 6.20 642509 Цб 196376 120000642509 2 3.17 Дост: Dp Вид: Д N: стар фонд Дата: 01.01.1998 Книги
Vip Innovations Ltd, Rousse, Bulgaria 2025